[Event "37th Olympiad w"]
[Site "Turin ITA"]
[Date "2006.06.02"]
[Round "11"]
[White "Goletiani,R"]
[Black "Krivec,J"]
[Result "1-0"]
[WhiteElo "2371"]
[BlackElo "2323"]

1.Nf3 d5 2.c4 dxc4 3.e3 e6 4.Bxc4 a6 5.Qe2 c5 6.Bb3 Nc6 7.O-O Nf6 8.Rd1 Be7
9.d4 cxd4 10.exd4 O-O 11.Nc3 Nb4 12.Ne5 Nbd5 13.Rd3 Nb4 14.Rd1 Qd6 15.Bf4 Nbd5
16.Bg3 Qd8 17.Rac1 Nxc3 18.bxc3 Ba3 19.Rb1 Nd5 20.Qd3 b5 21.Bc2 f5 22.c4 bxc4
23.Qxa3 f4 24.Nxc4 fxg3 25.hxg3 Qc7 26.Qd3 g6 27.Re1 a5 28.Ne3 Ba6 29.Qe4 Qf7
30.Ng4 Kg7 31.Qe5+ Nf6 32.Bb3 Rfe8 33.Rbc1 Bc8 34.Nxf6 Qxf6 35.Rc7+  1-0

[Event "21st Schachtage"]
[Site "Hassloch GER"]
[Date "2006.06.03"]
[Round "3"]
[White "Riediger,M"]
[Black "Raka,R"]
[Result "1/2-1/2"]
[WhiteElo "2303"]
[BlackElo "2111"]

1.Nf3 d5 2.c4 e6 3.d4 c6 4.e3 Bd6 5.Bd3 f5 6.O-O Nf6 7.b3 Qe7 8.Bb2 O-O 9.Ne5 Nbd7
10.f3 Rd8 11.Qe2 Nf8 12.Nd2 Qc7 13.e4 Ng6 14.exd5 exd5 15.f4 Qe7  1/2-1/2

[Event "IHEM"]
[Site "Hamburg GER"]
[Date "2006.06.06"]
[Round "4"]
[White "Lindinger,M"]
[Black "Schulz,Har"]
[Result "1-0"]
[WhiteElo "2322"]
[BlackElo "2189"]

1.Nf3 d5 2.c4 d4 3.b4 c5 4.g3 cxb4 5.a3 bxa3 6.Bxa3 g6 7.Bg2 Bg7 8.O-O Nh6
9.d3 O-O 10.Nbd2 Re8 11.Qb3 Nc6 12.Rfb1 Qc7 13.Ne1 Kh8 14.Nc2 Ng4 15.Qb5 a6
16.Qc5 e5 17.Qd6 Qxd6 18.Bxd6 Nd8 19.Nb4 Bf8 20.Bxf8 Rxf8 21.Nd5 Ra7 22.Ne4 f5
23.Nd6 Bd7 24.Nb6 Be6 25.Nb5 axb5 26.Rxa7 bxc4 27.Nxc4 Bxc4 28.dxc4 e4 29.Ra8 Kg7
30.Rb5 Nf6 31.f3 Re8 32.fxe4 fxe4 33.Rc5 d3 34.Rc7+ Kh6 35.exd3 exd3 36.Bf3 d2
37.Kg2 Ne4 38.Rd7 d1=Q 39.Rxd1  1-0

[Event "28th Nezhmetdinov mem"]
[Site "Kazan RUS"]
[Date "2006.06.06"]
[Round "6"]
[White "Chistiakova,T"]
[Black "Vafin,Ni"]
[Result "1-0"]
[WhiteElo "2351"]
[BlackElo "2242"]

1.Nf3 d5 2.c4 e6 3.b3 Nf6 4.e3 Be7 5.g3 O-O 6.Bg2 c5 7.O-O Nc6 8.Bb2 d4 9.exd4 cxd4
10.Re1 Ne8 11.d3 f6 12.Ba3 Bxa3 13.Nxa3 e5 14.Nc2 a5 15.a3 Bg4 16.b4 axb4
17.axb4 Nc7 18.b5 Na5 19.Nb4 Qd6 20.Qb1 Ne6 21.Nd2 Nc5 22.Ra3 Ra7 23.Qa2 b6
24.Ne4 Nxe4 25.c5+ Be6 26.cxd6 Bxa2 27.Bxe4 Be6 28.Bd5 Kf7 29.f4 Nc6 30.Rxa7+ Nxa7
31.fxe5 Nxb5 32.exf6 Bxd5 33.Re7+ Kg6 34.Nxd5 Nxd6 35.fxg7 Rd8 36.Rd7  1-0

[Event "FSGM June"]
[Site "Budapest HUN"]
[Date "2006.06.08"]
[Round "5"]
[White "Paschall,W"]
[Black "Jakab,A"]
[Result "1-0"]
[WhiteElo "2352"]
[BlackElo "2414"]

1.Nf3 d5 2.c4 c6 3.d4 Nf6 4.Nc3 dxc4 5.a4 Bf5 6.e3 e6 7.Bxc4 Bb4 8.O-O Nbd7
9.Qe2 Bg6 10.e4 Bxc3 11.bxc3 Nxe4 12.Ba3 Nb6 13.Bb3 Nxc3 14.Qb2 Ne4 15.a5 Nc8
16.d5 exd5 17.Qxg7 Kd7 18.a6 b6 19.Ne5+ Kc7 20.Rac1 c5 21.Nxf7 Bxf7 22.Qxf7+ Ne7
23.Bxd5  1-0

[Event "28th Nezhmetdinov mem"]
[Site "Kazan RUS"]
[Date "2006.06.09"]
[Round "9"]
[White "Mustakayev,A"]
[Black "Jusupov,T"]
[Result "1-0"]
[WhiteElo "2339"]
[BlackElo "2084"]

1.Nf3 d5 2.c4 c6 3.d4 Nf6 4.Nc3 dxc4 5.a4 Bf5 6.e3 e6 7.Bxc4 Be7 8.O-O Nbd7
9.Qe2 O-O 10.e4 Bg4 11.Rd1 Qa5 12.h3 Bh5 13.e5 Nd5 14.Ne4 Bg6 15.Ng3 b5 16.Bd2 Qb6
17.axb5 c5 18.h4 cxd4 19.Ba5 Qb7 20.Rxd4 Bc5 21.Bxd5 exd5 22.Rf4 h6 23.h5 Bh7
24.Bc3 Rab8 25.e6 Nb6 26.exf7+ Rxf7 27.Qe6 Nc4 28.Rd1 Rd8 29.Rxc4  1-0

[Event "2nd Festival"]
[Site "Lodi ITA"]
[Date "2006.06.11"]
[Round "9"]
[White "Peredy,F"]
[Black "Zambrana,O"]
[Result "0-1"]
[WhiteElo "2343"]
[BlackElo "2425"]

1.Nf3 d5 2.c4 c6 3.b3 Nf6 4.Bb2 e6 5.g3 Be7 6.Bg2 O-O 7.O-O b5 8.d4 Nbd7
9.Nbd2 Ba6 10.c5 b4 11.Re1 Bb5 12.Qc2 g6 13.e4 Nxe4 14.Nxe4 dxe4 15.Rxe4 Bf6
16.Ne5 Bg7 17.Rd1 Qc7 18.f4 Rfd8 19.Ree1 a5 20.Qf2 a4 21.Rd2 Nxe5 22.fxe5 axb3
23.axb3 Bh6 24.Rdd1 Ra2 25.Be4 Rda8 26.Bb1 R2a7 27.Re4 Qd8 28.h4 Qd5 29.Qf3 Ra3
30.Bxa3 Rxa3 31.Bc2 Ra2 32.Qg2 Ba4 33.Rd3 Bb5 34.Rf3 Qd8 35.Kh2 Qa8 36.g4 Bc1
37.Rf2 Qd8 38.Qf3 Qxh4+ 39.Kg2 Qe7 40.Bd3 Rxf2+ 41.Kxf2 Bxd3 42.Qxd3 Bb2
43.Ke2 Bc3 44.Rf4 Qh4 45.Kd1 Qe1+ 46.Kc2 Qa1 47.Qd1 Qb2+ 48.Kd3 h6 49.Ke3 Qg2
50.Rf1 Qd5 51.Rf3 Kf8 52.Rf4 f5 53.exf6 e5 54.Rf1 Bxd4+ 55.Kd3 Qxc5 56.Qc1 e4+
57.Kxe4 Qd5+ 58.Kf4 Qxb3 59.Rf3 Be5+ 60.Kxe5 Qd5+  0-1

[Event "2nd Open"]
[Site "San Marino SMR"]
[Date "2006.06.11"]
[Round "9"]
[White "Pantsulaia,L"]
[Black "Ehlvest,J"]
[Result "1/2-1/2"]
[WhiteElo "2611"]
[BlackElo "2607"]

1.Nf3 d5 2.c4 e6 3.d4 Nf6 4.Nc3 Bb4 5.Bg5 h6 6.Bxf6 Qxf6 7.Qa4+ Nc6 8.cxd5 exd5
9.e3 O-O 10.Rc1 Bg4 11.Be2 Qd6 12.O-O Bxc3 13.Rxc3 Ne7 14.Rfc1 c6 15.Qd1 a5
16.Ne5 Bxe2 17.Qxe2 Nf5 18.Qg4 g6 19.g3 Qe7 20.a4 h5 21.Qd1 Nd6 22.Nd3 Rfe8
23.Nc5 Ne4  1/2-1/2

[Event "Open A"]
[Site "Voronezh RUS"]
[Date "2006.06.13"]
[Round "2"]
[White "Kachar,V"]
[Black "Svinarenko,P"]
[Result "1-0"]
[WhiteElo "2317"]
[BlackElo "2189"]

1.Nf3 d5 2.c4 d4 3.g3 Nc6 4.Bg2 e5 5.d3 Nf6 6.O-O Be7 7.b4 Bxb4 8.Nxe5 Nxe5
9.Qa4+ Nc6 10.Bxc6+ bxc6 11.Qxb4 Qd6 12.Ba3 Qxb4 13.Bxb4 Nd7 14.Nd2 h5 15.Ba3 Nf8
16.Rfb1 h4 17.Bxf8 Kxf8 18.Nb3 hxg3 19.hxg3 Bd7 20.Nxd4 Re8 21.Rb7 Rh6 22.Rxc7 Rd6
23.e3 Re5 24.Rb1 c5 25.Rb8+ Be8 26.Nf3 Rf5 27.Rcc8 Re6 28.Kg2 g5 29.e4  1-0

[Event "Open A"]
[Site "Voronezh RUS"]
[Date "2006.06.14"]
[Round "3"]
[White "Kachar,V"]
[Black "Vysochin,S"]
[Result "1/2-1/2"]
[WhiteElo "2317"]
[BlackElo "2555"]

1.Nf3 d5 2.c4 c6 3.e3 Nf6 4.Nc3 a6 5.Qc2 e6 6.b3 c5 7.Bb2 Nc6 8.cxd5 exd5
9.a3 Be6 10.Na4 Nd7 11.d4 cxd4 12.Nxd4 Rc8 13.Rc1 Nf6 14.Nxc6 Rxc6 15.Qd1 Rxc1
16.Qxc1 Be7 17.Nc5 O-O 18.Nxe6 fxe6 19.Be2 Ne4 20.O-O Bd6 21.g3 Qe8 22.Qc2 Qc8
23.Bd3 Qxc2 24.Bxc2 Nd2 25.Rc1 g6 26.Kg2 Rc8 27.Bf5 Rxc1 28.Bxe6+ Kf8 29.Bxc1 Nxb3
30.Bb2 Nc5 31.Bxd5 b5 32.Bd4 Ke7 33.f4 Ne6 34.Bb2 Nc5 35.Bd4 Ne6 36.Bb2 Nc5
37.Bc3 Na4 38.Bb4 Nb2 39.Bb7 Nc4 40.Bxa6 Nxe3+ 41.Kf3 Bxb4 42.axb4 Nd5 43.Bxb5 Nxb4
44.Ke4 Kd6 45.Bc4 Ke7 46.g4 h6 47.h4 g5 48.fxg5 hxg5 49.h5 Kf6 50.Bb5 Nc2
51.Bc6 Ne1 52.Bd7 Ng2 53.Bf5  1/2-1/2

[Event "Open A"]
[Site "Voronezh RUS"]
[Date "2006.06.16"]
[Round "5"]
[White "Kondenko,A"]
[Black "Jakovenko,I"]
[Result "0-1"]
[WhiteElo "2318"]
[BlackElo "2234"]

1.Nf3 d5 2.c4 c6 3.Qc2 Nf6 4.b3 g6 5.Bb2 Bf5 6.d3 Bg7 7.Nbd2 O-O 8.h3 a5
9.g4 Bc8 10.Bg2 Re8 11.a3 Nbd7 12.d4 h6 13.O-O a4 14.b4 dxc4 15.Nxc4 h5 16.g5 Nd5
17.e3 N7b6 18.Nce5 Be6 19.Rfe1 Qc8 20.Kh2 Qb8 21.Kh1 Qc8 22.Ng1 Bxe5 23.dxe5 Nd7
24.f4  0-1

[Event "ch-FIN"]
[Site "Helsinki FIN"]
[Date "2006.06.17"]
[Round "8"]
[White "Salimaki,J"]
[Black "Karttunen,M"]
[Result "0-1"]
[WhiteElo "2193"]
[BlackElo "2431"]

1.Nf3 d5 2.c4 c6 3.d4 Nf6 4.cxd5 cxd5 5.Nc3 Nc6 6.Bf4 a6 7.e3 e6 8.Bd3 Be7
9.O-O Nh5 10.Be5 f6 11.Bg3 Nxg3 12.hxg3 f5 13.Rc1 Bd7 14.Na4 b6 15.a3 Bd6
16.Qe2 O-O 17.Nc3 b5 18.Nb1 g5 19.Nfd2 g4 20.Nb3 Ra7 21.Nc5 Nb8 22.Nd2 h5
23.f4 gxf3 24.Qxf3 Qg5 25.Kf2 Bc8 26.Rh1 f4 27.gxf4 Bxf4 28.Ke2 Bh2 29.Qh3 e5
30.Qxh2 Bg4+ 31.Nf3 exd4 32.exd4 Nc6 33.Rcf1 Nxd4+ 34.Kd1 Rc8 35.b4 Rac7
36.Qd6 Rc6 37.Qd7 R8c7 38.Qe8+ Kg7 39.Re1 Nxf3 40.gxf3 Bxf3+ 41.Kc2 Bxh1
42.Rxh1 Qg2+ 43.Kb3 Qxh1 44.Qe5+ Kf7 45.Qf4+ Kg8 46.Qg3+ Kf8 47.Qf4+ Rf7
48.Qb8+ Kg7 49.Qe5+ Rcf6 50.Ne6+ Kh8 51.Qb8+ Rf8 52.Nxf8 Qd1+ 53.Kc3 Qe1+
54.Kb3 Kg7 55.Nd7 Qd1+ 56.Kc3 Qa1+ 57.Kb3 Rf3 58.Ne5 Qd1+ 59.Kc3 Qc1+ 60.Kb3 Rxd3+
61.Nxd3 Qc4+ 62.Kb2 Qxd3 63.Qe5+ Kg6 64.Qe6+ Kg5 65.Qe7+ Kg4 66.Qg7+ Kh3
67.Qd7+ Kg2 68.Qg7+ Qg3 69.Qh6 h4 70.Qxa6 Qf2+ 71.Ka1 Qe1+ 72.Ka2 Qe2+ 73.Ka1 Qd1+
74.Ka2 Qe2+ 75.Ka1 h3 76.Qg6+ Kh1 77.Qc6 Qf1+ 78.Kb2 Qd3 79.a4 bxa4 80.Qxa4 h2
81.Qd7 Qd4+ 82.Ka2 Kg2 83.b5 h1=Q  0-1

[Event "III Muhamedzjanov Mem"]
[Site "Nabereshnye Chelny RUS"]
[Date "2006.06.17"]
[Round "10"]
[White "Zhidkov,V"]
[Black "Kichubaev,K"]
[Result "1/2-1/2"]
[WhiteElo "2416"]
[BlackElo "2390"]

1.Nf3 d5 2.c4 c6 3.d4 Nf6 4.e3 Bf5 5.Nc3 e6 6.Bd3 Bxd3 7.Qxd3 Nbd7 8.O-O Bb4
9.Bd2 Bxc3 10.Bxc3 O-O  1/2-1/2

[Event "20th Open"]
[Site "Pula CRO"]
[Date "2006.06.18"]
[Round "1"]
[White "Kveinys,A"]
[Black "Haas,P"]
[Result "1-0"]
[WhiteElo "2532"]
[BlackElo "2070"]

1.Nf3 d5 2.c4 dxc4 3.Na3 f6 4.e4 e5 5.Bxc4 Bd6 6.d4 exd4 7.Nb5 Nc6 8.Nbxd4 Nxd4
9.Nxd4 Bb4+ 10.Ke2 Qe7 11.Be3 Bd7 12.Nf5 Bxf5 13.exf5 Nh6 14.Be6 Ng4 15.Qa4+ c6
16.Rhd1 Nxe3 17.Rd7  1-0

[Event "Open A"]
[Site "Voronezh RUS"]
[Date "2006.06.21"]
[Round "9"]
[White "Charochkina,D"]
[Black "Nadeev,S"]
[Result "1-0"]
[WhiteElo "2216"]
[BlackElo "2307"]

1.Nf3 d5 2.c4 c6 3.b3 Nf6 4.Bb2 e6 5.e3 Nbd7 6.d4 Bd6 7.Nbd2 O-O 8.Bd3 Re8
9.Ne5 dxc4 10.Ndxc4 Bb4+ 11.Kf1 Nf8 12.h4 Nd5 13.e4 Nf4 14.Qf3 N8g6 15.h5 Nxe5
16.Nxe5 f6 17.Nxc6 bxc6 18.Qxf4 a5 19.Kg1 a4 20.bxa4 Rxa4 21.Bc2 Ra7 22.Bb3 Kh8
23.h6 g6 24.e5 f5 25.d5 c5 26.Rd1 Qe7 27.dxe6 Kg8 28.Rd7  1-0

[Event "20th Open"]
[Site "Pula CRO"]
[Date "2006.06.22"]
[Round "6"]
[White "Rukavina,J"]
[Black "Kantorik,M"]
[Result "1/2-1/2"]
[WhiteElo "2384"]
[BlackElo "2286"]

1.Nf3 d5 2.c4 c6 3.d4 dxc4 4.e3 b5 5.a4 e6 6.b3 Bb4+ 7.Bd2 Bxd2+ 8.Nfxd2 a5
9.Be2 Nf6 10.O-O O-O 11.Bf3 Ra6 12.bxc4 b4 13.Nb3 Nbd7 14.N1d2 c5 15.Ne4 Nxe4
16.Bxe4 Qc7 17.Qc2 h6 18.Rfd1 cxd4  1/2-1/2

[Event "White Nights Open"]
[Site "St Petersburg RUS"]
[Date "2006.06.23"]
[Round "1"]
[White "Smirnov,Sergei"]
[Black "Glazov,A"]
[Result "1-0"]
[WhiteElo "2283"]
[BlackElo "2004"]

1.Nf3 d5 2.c4 c6 3.e3 Nf6 4.Nc3 Bg4 5.cxd5 cxd5 6.Qb3 Bc8 7.Bb5+ Nc6 8.Ne5 Bd7
9.d4 e6 10.O-O Nxe5 11.dxe5 Ng4 12.e4 Bc5 13.Bxd7+ Qxd7 14.exd5 O-O 15.Bf4 Bd4
16.Rad1 Bxe5 17.Bxe5 Nxe5 18.Rfe1 Ng4 19.dxe6 Qc7 20.g3 Nf6 21.e7 Rfe8 22.Nb5 Qc5
23.Nd6 Ng4 24.Qxf7+  1-0

[Event "White Nights Open"]
[Site "St Petersburg RUS"]
[Date "2006.06.23"]
[Round "1"]
[White "Feofanov,D"]
[Black "Golovenchits,B"]
[Result "1-0"]
[WhiteElo "2347"]
[BlackElo "2064"]

1.Nf3 d5 2.c4 e6 3.d4 Nf6 4.Nc3 Be7 5.Bg5 O-O 6.e3 Nbd7 7.Rc1 h6 8.Bh4 c5
9.cxd5 cxd4 10.Nxd4 Nxd5 11.Bxe7 Qxe7 12.Nxd5 exd5 13.Be2 Ne5 14.O-O Be6
15.Nxe6 fxe6 16.e4 dxe4 17.Qd4 Nf3+ 18.gxf3 exf3 19.Bxf3 Rxf3 20.Kh1 a5 21.Rc2 Raf8
22.Qb6 Qd7 23.Re2 R3f6 24.Qb3 a4 25.Qc4 Rc8 26.Qe4 b5 27.Rfe1 Rc4 28.Qa8+ Kh7
29.f3 Rc6 30.Re3 Rc2 31.Qe4+  1-0

[Event "Midnight Sun"]
[Site "Tromso NOR"]
[Date "2006.06.25"]
[Round "2"]
[White "Jensen,Ste"]
[Black "Bryn,T"]
[Result "1/2-1/2"]
[WhiteElo "2159"]
[BlackElo "1994"]

1.Nf3 d5 2.c4 dxc4 3.Na3 Nf6 4.Nxc4 e6 5.g3 b6 6.Bg2 Bb7 7.O-O Nbd7 8.b3 Be7
9.Bb2 O-O 10.Qc2 c5 11.Rac1 Qc7 12.Qb1 Rac8 13.Qa1 Qb8 14.Nce5 Nxe5 15.Bxe5 Qa8
16.d3 Rfd8 17.Ne1 Ne8 18.f4 Bxg2 19.Nxg2 Bf6 20.Ne3 Qb7 21.Rf3 Qe7 22.Rcf1 Nd6
23.f5 Bxe5 24.Qxe5 f6 25.Nd5 Qe8 26.Qxe6+ Qxe6 27.fxe6 Re8 28.Re3 Nb5 29.e7 Nc7
30.Rf5 Nxd5 31.Rxd5 Rc7 32.Kf2 Kf7 33.g4 Rcxe7 34.Rxe7+ Kxe7 35.Kf3 Ke6 36.Rf5 Rd8
37.Rf4 Rd5 38.Re4+ Re5 39.Rc4 b5 40.Rc2 Kd5 41.e3 Re6 42.Rd2 Ra6 43.d4 cxd4
44.Rxd4+ Kc5 45.a4 bxa4 46.bxa4 Rd6 47.Re4 Rd7 48.h4 h6 49.Kf4 Rb7 50.Kf5 a5
51.Kg6 Rb4 52.Rd4 Rb7 53.Re4 Kd5 54.Rf4 Ke6 55.Re4+ Kd5 56.Rd4+ Ke5 57.Rf4 Rb4
58.Kxg7 Rxf4 59.exf4+ Kxf4 60.Kxh6 Kxg4 61.h5 f5 62.Kg6 f4 63.h6 f3 64.h7 f2
65.h8=Q f1=Q 66.Qh5+ Kg3 67.Qg5+ Kf2 68.Qf5+ Kg2 69.Qxf1+ Kxf1 70.Kf5 Ke2
71.Ke4 Kf2 72.Kd4 Kf3 73.Kc5 Ke4 74.Kb5 Kd5 75.Kxa5  1/2-1/2

[Event "II Open"]
[Site "Sort ESP"]
[Date "2006.06.26"]
[Round "1"]
[White "Roeder,M"]
[Black "Reves Balleste,J"]
[Result "1-0"]
[WhiteElo "2403"]
[BlackElo "1975"]

1.Nf3 d5 2.c4 dxc4 3.e3 Nf6 4.Bxc4 e6 5.O-O Be7 6.d4 b6 7.Nc3 Bb7 8.Bb5+ c6
9.Bd3 Nbd7 10.Qe2 Qc7 11.e4 Nf8 12.Rd1 Ng6 13.e5 Nd5 14.Nxd5 exd5 15.h4 Nf8
16.Be3 Ne6 17.Rac1 Qd8 18.h5 h6 19.Nh2 a6 20.Bf5 Bg5 21.Bxe6 fxe6 22.Qg4 O-O
23.f4 Be7 24.Qxe6+ Kh8 25.Qg6 Qe8 26.Qxe8 Raxe8 27.g4 c5 28.Nf3 c4 29.f5 Bc8
30.a3 b5 31.Bd2 Bxf5 32.gxf5 Rxf5 33.Kg2 Ref8 34.Rf1 Rxh5 35.Bb4 Re8 36.Bxe7 Rxe7
37.Kg3 Rf7 38.Nh4 Rg5+ 39.Kh3 Rb7 40.Rf5 b4 41.axb4 Rxb4 42.Rxg5 hxg5 43.Ng6+ Kh7
44.Ne7 Rb5 45.Kg4 g6 46.Kxg5 Kg7 47.Rc2 Kf7 48.Nxg6 a5 49.Kf5 a4 50.e6+ Ke8
51.Rh2  1-0

[Event "ch-CHN"]
[Site "Wuxi CHN"]
[Date "2006.06.26"]
[Round "2"]
[White "Bu Xiangzhi"]
[Black "Zhao Jun"]
[Result "1/2-1/2"]
[WhiteElo "2640"]
[BlackElo "2525"]

1.Nf3 d5 2.c4 c6 3.e3 Nf6 4.Nc3 e6 5.b3 Nbd7 6.Bb2 Bd6 7.d4 O-O 8.Be2 dxc4
9.bxc4 e5 10.O-O Re8 11.Qc2 exd4 12.exd4 Nf8 13.h3 Ng6 14.Rfe1 Bc7 15.Bf1 Bd7
16.a4 Rb8 17.Red1 Qc8 18.d5 cxd5 19.cxd5 Bd6 20.Qb3 a6 21.a5 Nf4 22.Ba3 Bxa3
23.Rxa3 Qc5 24.Rd4 b5 25.axb6 Rxb6 26.Qa2 Rb4 27.Rxb4 Qxb4 28.Rb3 Qc5 29.Qa3 Qxa3
30.Rxa3  1/2-1/2

[Event "III Open"]
[Site "Sanxenxo ESP"]
[Date "2006.06.27"]
[Round "2"]
[White "Cruz Alvarez de Ron,D"]
[Black "De la Villa Garcia,J"]
[Result "0-1"]
[WhiteElo "2248"]
[BlackElo "2461"]

1.Nf3 d5 2.c4 d4 3.c5 Nc6 4.Qa4 g6 5.b4 Bg7 6.Bb2 e5 7.b5 Nce7 8.e3 Nf5 9.Bc4 Ngh6
10.Qb3 O-O 11.h4 a6 12.bxa6 bxa6 13.Bd5 c6 14.Bxc6 Be6 15.Qb6 Rb8 16.Qxd8 Rfxd8
17.Ba3 dxe3 18.fxe3 e4 19.Nd4 Nxd4 20.exd4 Bxd4 21.Nc3 e3 22.O-O-O exd2+
23.Kc2 Ng4 24.Ne4 Ne3+ 25.Kd3 Bxc5+ 26.Ke2 Bg4+  0-1

[Event "White Nights Open"]
[Site "St Petersburg RUS"]
[Date "2006.06.29"]
[Round "7"]
[White "Smirnov,Sergei"]
[Black "Kurilov,Vi"]
[Result "0-1"]
[WhiteElo "2283"]
[BlackElo "2329"]

1.Nf3 d5 2.c4 dxc4 3.e3 c5 4.Bxc4 e6 5.O-O Nc6 6.d4 Nf6 7.Qe2 cxd4 8.Rd1 a6
9.exd4 Be7 10.Nc3 Nb4 11.Ne5 O-O 12.a3 Nbd5 13.Rd3 b5 14.Bb3 Bb7 15.Rh3 Nxc3
16.bxc3 Rc8 17.Bg5 Ne4 18.Bxe7 Qxe7 19.Bc2 Ng5 20.Bxh7+ Nxh7 21.Qh5 Be4 22.f4 Qf6
23.Rf1 Bg6 24.Qe2 Qf5 25.Re3 Nf6 26.g4 Qc2 27.Qe1 Nd5 28.Nxg6 Qxg6 29.Rg3 Qf6
30.Qf2 Rfd8 31.Rh3 Qg6 32.f5 exf5 33.Rg3 f4 34.Rf3 Qxg4+ 35.Kh1 Re8  0-1

[Event "Zudov Memorial"]
[Site "Nizhnij Tagil RUS"]
[Date "2006.06.30"]
[Round "11"]
[White "Slugin,S"]
[Black "Geller,J"]
[Result "1/2-1/2"]
[WhiteElo "2411"]
[BlackElo "2495"]

1.Nf3 d5 2.c4 e6 3.d4 c6 4.Nbd2 f5 5.g3 Bd6 6.Bg2 Nd7 7.O-O Ngf6 8.Qc2 O-O
9.Ne1 b6 10.Nd3 Bb7 11.cxd5 cxd5 12.Nf3 Ba6 13.Bf4 Bxd3 14.Qxd3 Qb8 15.e3 Rc8
16.Rfc1 Bxf4 17.exf4 Qb7 18.Qe3 Ne4 19.Ne5 Rxc1+ 20.Rxc1 Rc8 21.Bf1 Rxc1
22.Qxc1 Nd6 23.Ba6 Qxa6 24.Qc6 Nxe5 25.fxe5 Qc8 26.Qxd6 Kf7 27.h4 Qf8 28.Qc6 Qe8
29.Qc7+ Qe7 30.Qb8 Kg6 31.Kg2 Kh5 32.Qd6 Qf7 33.Qd8 h6 34.f3 g5 35.hxg5 hxg5
36.Qh8+ Kg6 37.g4 fxg4 38.fxg4 Qf4 39.Qg8+ Kh6 40.Qxe6+ Kg7 41.Qf5 Qd2+ 42.Qf2 Qxf2+
43.Kxf2 a5 44.b4 axb4 45.Ke3 b3 46.axb3 b5 47.Kd3  1/2-1/2

[Event "III Open"]
[Site "Sanxenxo ESP"]
[Date "2006.06.30"]
[Round "5"]
[White "Hoffman,A"]
[Black "Salgado Lopez,I"]
[Result "0-1"]
[WhiteElo "2444"]
[BlackElo "2358"]

1.Nf3 d5 2.c4 c6 3.e3 Nf6 4.Nc3 a6 5.b3 Bg4 6.h3 Bxf3 7.Qxf3 e6 8.Bb2 Nbd7
9.Qd1 Bd6 10.d4 O-O 11.Bd3 Qe7 12.c5 Bc7 13.f4 Ne8 14.O-O f5 15.b4 g5 16.a4 Qg7
17.Ne2 Nef6 18.b5 Kf7 19.b6 Bb8 20.Bc3 Rg8 21.Rf2 Nh5 22.Qc2 Ndf6 23.Raf1 g4
24.h4 g3 25.Rf3 Qg4 26.Be1 Qxh4 27.Rxg3 Nxg3 28.Nxg3 Rxg3 29.Qf2 Bxf4 30.exf4 Rag8  0-1

[Event "III Open"]
[Site "Sanxenxo ESP"]
[Date "2006.07.01"]
[Round "6"]
[White "Bogza,A"]
[Black "Sanchez Juncal,B"]
[Result "0-1"]
[WhiteElo "2297"]
[BlackElo "2209"]

1.Nf3 d5 2.c4 e6 3.e3 Nf6 4.Nc3 Nbd7 5.b3 c6 6.Bb2 Bd6 7.d4 Qe7 8.Be2 O-O
9.O-O a6 10.Qc2 Re8 11.e4 Nxe4 12.Nxe4 dxe4 13.Qxe4 Ba3 14.Bxa3 Qxa3 15.Bd3 Nf6
16.Qh4 Qb2 17.Rab1 Qxa2 18.Ng5 h6 19.Ne4 Nxe4 20.Qxe4 g6 21.h4 e5 22.Qe3 e4
23.Bxe4 Bf5 24.f3 Qa5 25.Qf4 Kg7 26.h5 Qd8 27.hxg6 Qxd4+ 28.Kh1 Bxg6 29.Rbd1 Qf6
30.Qxf6+ Kxf6 31.Bxg6 fxg6 32.Rd7 Re7 33.Rfd1 Rae8 34.Kh2 Rxd7 35.Rxd7 Re7
36.Rd6+ Kf5 37.b4 h5 38.Kg3 Re2 39.Rd7 b5 40.c5 Rb2 41.Ra7 Ke5 42.Rd7 Rxb4
43.Rd6 a5 44.Rxc6 h4+ 45.Kh3 a4 46.Rxg6 a3 47.Rg5+ Kf6 48.Rd5 a2 49.Rd1 Ra4  0-1

[Event "35th TCh-GRE"]
[Site "Ermioni GRE"]
[Date "2006.07.03"]
[Round "1"]
[White "Pountzas,H"]
[Black "Halkias,S"]
[Result "0-1"]
[WhiteElo "2262"]
[BlackElo "2551"]

1.Nf3 d5 2.c4 e6 3.g3 Nf6 4.Bg2 dxc4 5.Qa4+ c6 6.Qxc4 b5 7.Qc2 Bb7 8.O-O Nbd7
9.d3 Be7 10.Nc3 a6 11.Bd2 c5 12.a4 Qb6 13.axb5 axb5 14.Rxa8+ Bxa8 15.Ra1 O-O
16.Qb1 c4 17.Be3 Bc5 18.Bxc5 Nxc5 19.Qa2 Bxf3 20.Bxf3 cxd3 21.b4 Ncd7 22.exd3 Rc8
23.Ne4 Qd4 24.Qb1 Ne5 25.Be2 h6 26.Nxf6+ gxf6 27.Ra5 Qc3 28.Rxb5 Qd2 29.Rc5 Rxc5  0-1

[Event "ch-SWE"]
[Site "Gothenburg SWE"]
[Date "2006.07.03"]
[Round "3"]
[White "Cicak,S"]
[Black "Hector,J"]
[Result "1/2-1/2"]
[WhiteElo "2532"]
[BlackElo "2508"]

1.Nf3 d5 2.c4 c6 3.e3 Nf6 4.Nc3 e6 5.Qc2 Bd6 6.d4 O-O 7.Bd3 Nbd7 8.O-O Qe7
9.b3 a6 10.c5 Bc7 11.e4 dxe4 12.Nxe4 h6 13.Nc3 Re8 14.Re1 Qf8 15.Bc4 Nd5
16.Bd2 N7f6 17.Ne5 Bd7 18.a3 Re7 19.f4 Rd8 20.b4 Be8 21.Ne2 Nh7 22.g4 g5
23.fxg5 Nxg5 24.h4 f6 25.Ng6 Nf3+ 26.Kf2 Bxg6 27.Qxg6+ Rg7 28.Qxh6 Nxe1 29.Qh5 Rh7
30.Qg6+ Qg7 31.Qe4 Rxh4 32.Qxe6+ Kf8 33.Rxe1 Re8 34.Qf5 Qh7 35.Qxh7 Rxh7
36.Bxd5 cxd5 37.Kf3 Rh3+ 38.Kg2 Rh2+ 39.Kf3 Kf7 40.g5 f5 41.g6+ Kg7 42.Nc3 Rh3+
43.Kg2 Rg3+ 44.Kf1 Rxe1+ 45.Bxe1 Rd3 46.Nxd5 Bd8 47.a4 Rb3 48.Ke2 Bg5 49.Bc3 Kxg6
50.Kd3 Rb1 51.Kc2 Rc1+ 52.Kd3 Rd1+ 53.Kc2 Rh1 54.b5 f4 55.c6 bxc6 56.bxc6 f3
57.c7 f2 58.c8=Q f1=Q 59.Qe8+ Kg7 60.Kb3 Qf3 61.Qd7+ Qf7 62.Qxf7+ Kxf7 63.Nb4 Rh6
64.Kc4 Ke7 65.d5 Kd7 66.Be5 Be7 67.Nc6 Bf8 68.Bd4 Bd6 69.a5 Rh4 70.Kb3 Bc7
71.Bc5 Rh6 72.Kc4 Kc8 73.Bb4 Rh4+ 74.Kc5 Kd7 75.Bc3 Re4 76.Bd2 Re2 77.Bc3 Ra2
78.Kc4 Ra4+ 79.Bb4 Ra1 80.Bc3 Rc1 81.Kd4 Rb1 82.Bb4 Bd6 83.Kc4 Ra1 84.Bc3 Ra4+
85.Kb3 Rh4 86.Bd4 Bf8 87.Be5 Re4 88.Kc3 Bc5 89.Kd3 Re1 90.Bc3 Re8 91.Be5 Bd6
92.Bd4 Bc7 93.Kc4 Re4 94.Kd3 Re8 95.Kc4 Bd6 96.Kd3 Ba3 97.Be5 Bd6 98.Bd4 Rg8
99.Kc4 Rg4 100.Kd3 Bc7 101.Bc5 Ra4 102.Bb4 Bd6 103.Bc3 Bh2 104.Bb4 Bc7 105.Kc4 Bd6
106.Kb3 Ra1 107.Bc3 Rd1 108.Kc4 Rc1 109.Kb3 Bc7 110.Bb4 Bf4 111.Ba3 Rd1 112.Kc4 Bd6
113.Bxd6 Kxd6 114.Nb4 Ra1  1/2-1/2

[Event "35th TCh-GRE"]
[Site "Ermioni GRE"]
[Date "2006.07.04"]
[Round "2"]
[White "Dagkakis,P"]
[Black "Mastrovasilis,A"]
[Result "0-1"]
[WhiteElo "2267"]
[BlackElo "2521"]

1.Nf3 d5 2.c4 e6 3.g3 g6 4.Bg2 Bg7 5.O-O Ne7 6.d4 Nbc6 7.e3 O-O 8.Nbd2 b6
9.b3 a5 10.Bb2 Ba6 11.Qc2 Rc8 12.Rac1 Qd7 13.Rfd1 Rfd8 14.Bh3 f5 15.a3 h6
16.Bg2 Qe8 17.h4 Qf7 18.Ne1 g5 19.hxg5 hxg5 20.Nd3 Qh5 21.b4 axb4 22.axb4 dxc4
23.Nxc4 Nd5 24.Qb3 Bb5 25.Nce5 Nxe5 26.Nxe5 Be2 27.Rd2 Bxe5 28.dxe5 Bf3 29.Bxf3 Qxf3
30.Qd1 g4 31.Qxf3 gxf3 32.Rd4 c5 33.bxc5 bxc5 34.Rdc4 Nb4 35.Bd4 Ra8 36.Bxc5 Nd3
37.Rd1 Nxe5 38.Rcd4 Rxd4 39.Bxd4 Ng4 40.Rc1 e5 41.Bc5 Kf7 42.Bb4 Rh8 43.Bc5 Ke6
44.Bb6 Rb8 45.Ba5 Kd5 46.Rd1+ Ke4 47.Bc7 Rh8 48.Rc1 Rh2 49.Rc2 Rg2+  0-1

[Event "WGM"]
[Site "Marseille FRA"]
[Date "2006.07.05"]
[Round "7"]
[White "Foisor,C"]
[Black "Sukandar,I"]
[Result "1/2-1/2"]
[WhiteElo "2392"]
[BlackElo "2213"]

1.Nf3 d5 2.c4 e6 3.g3 Nf6 4.Bg2 c5 5.O-O Nc6 6.cxd5 exd5 7.d4 c4 8.Bg5 Be7
9.Nc3 O-O 10.Ne5 Be6 11.e3 h6 12.Bxf6 Bxf6 13.f4 Bxe5 14.fxe5 Qg5 15.Rf4 Nb4
16.Bf1 f6 17.exf6 Rxf6 18.Qd2 Rxf4 19.exf4 Qf6 20.Re1 Bf7 21.Re5 Rd8 22.Bg2 Kh8
23.Ne4 Qb6 24.Nc5 Nc6 25.Re1 Rc8 26.Qf2 Rc7 27.f5 Nxd4 28.Ne6 Re7 29.Bxd5 Nxf5
30.Qxb6 axb6 31.Kf2 b5 32.g4 Nd6 33.a3 g5 34.Nxg5 hxg5 35.Rxe7 Bxd5 36.Ke3 Bc6
37.Kd4 Kg8 38.Ke5 Nc8 39.Rc7 Nb6 40.Kf5 Na4 41.Kxg5 Nxb2 42.Kf6 Nd3 43.g5 Nf4
44.Rc8+ Kh7 45.Rc7+  1/2-1/2

[Event "XIII Luigi Serra"]
[Site "Montecatini Terme ITA"]
[Date "2006.07.06"]
[Round "7"]
[White "Sulava,N"]
[Black "Apicella,M"]
[Result "1/2-1/2"]
[WhiteElo "2489"]
[BlackElo "2520"]

1.Nf3 d5 2.c4 e6 3.b3 Nf6 4.Bb2 Be7 5.g3 O-O 6.Bg2 c5 7.O-O Nc6 8.e3 a6 9.Qe2 b5
10.Ne5 Nxe5 11.Bxe5 Bb7 12.d3 Nd7 13.Bb2 Bf6 14.Rc1 Rc8 15.Bxf6 Nxf6 16.Nc3 Qb6
17.Rc2 dxc4 18.dxc4 Bxg2 19.Kxg2 Qc6+ 20.Qf3 Qxf3+ 21.Kxf3  1/2-1/2

[Event "35th TCh-GRE"]
[Site "Ermioni GRE"]
[Date "2006.07.07"]
[Round "5"]
[White "Karayannis,A"]
[Black "Tassopoulos,M"]
[Result "1/2-1/2"]
[WhiteElo "2380"]
[BlackElo "2270"]

1.Nf3 d5 2.c4 e6 3.e3 Nf6 4.b3 Be7 5.d4 O-O 6.Bd3 c5 7.O-O Nc6 8.Bb2 Ne4
9.Nbd2 f5 10.Rc1 Bd7 11.cxd5 exd5 12.dxc5 Nxc5 13.Bb1 Rc8 14.a3 a5 15.Re1 Be6
16.Nf1 Ne4 17.Ng3 Bf6 18.Bxf6 Qxf6 19.Nh5 Qb2 20.Bxe4 dxe4 21.Ng5 Rfd8 22.Nxe6 Rxd1
23.Rexd1 g6 24.Nhf4 Re8 25.h4 Ne5 26.Rc7 Nd3 27.Rf1 Qe5 28.Rg7+ Kh8 29.Rxg6 Qb2
30.Rg5 Nxf4 31.Nxf4 Rc8 32.Rxf5 Rc1 33.Rxc1 Qxc1+ 34.Kh2 Qxa3 35.Ne6 Qd6+
36.Nf4 b6 37.Rf7 b5 38.h5 a4 39.bxa4 bxa4 40.Ra7 a3 41.g4 h6 42.Kg2 Qd1 43.Rxa3 Qxg4+
44.Kh2 Qh4+ 45.Kg2 Qg4+ 46.Kh2 Qh4+  1/2-1/2